| 000 | 00679nam a2200217 a 4500 | ||
|---|---|---|---|
| 005 | 20230209063847.0 | ||
| 008 | 050805s2004 mx r 000 0 spa d | ||
| 020 | _a970240651X | ||
| 035 | _aUPN01000139702 | ||
| 049 | _aCG | ||
| 050 | 4 |
_aHD57.7 _bS5.4 |
|
| 100 | 1 | _aShriberg, Arthur | |
| 245 | 1 | 0 |
_aLiderazgo práctico : _bprincipios y aplicaciones / _cArthur Shriberg, David Shriberg, Carol Lloyd. |
| 260 |
_aMéxico : _bCECSA, _cc2004. |
||
| 300 | _axvi, 310 p. | ||
| 534 |
_pTraducción de: _tPracticing leadership. Principles and applications |
||
| 650 | 4 |
_aLiderazgo _95345 |
|
| 700 | 1 |
_aShriberg, David, _ecoaut. |
|
| 700 | 1 |
_aLloyd, Carol, _ecoaut. |
|
| 905 | _aLibro | ||
| 999 |
_c111850 _d111850 |
||